LEADER 00808nam0 2200241 450 001 000015405 005 20181106122116.0 100 $a20080820d1934----km-y0itay50------ba 101 0 $aita 102 $aIT 105 $ay-------001yy 200 1 $a<>indeterminazione nel monopolio bilaterale$fGiuseppe Di Nardi 210 $aBari$cTipografia Cressati$d1934 215 $a60 p.$d25 cm 300 $aEstr. dall' Archivio scientifico del R. Ist. Sup. di Sc. Econ. e Comm. di Bari, vol. 7., 1932-33 610 1 $aEconomia$aTeorie$a1920-40 676 $a338.523$v18 700 1$aDi Nardi,$bGiuseppe$071687 801 0$aIT$bUNIPARTHENOPE$c20080820$gRICA$2UNIMARC 912 $a000015405 951 $a338.523/100$b7111$cNAVA4 996 $aIndeterminazione nel monopolio bilaterale$91202790 997 $aUNIPARTHENOPE